000 00571nam a22001817a 4500
999 _c193575
_d193575
005 20221102145739.0
010 _aENG-135588
020 _c880.00
_a978-81-933563-3-3
035 _aEN-119120
037 _bDBAD/PUB
082 _a363.7005
100 _aJohn Sebastian
245 _aGlobal environmental challenge and solutions/
_cJohn Sebastian
260 _c2018
_bIshwar Books
_aDelhi
270 _aB-29, Arya Nagar CGHS Ltd., Plot No.91, IP Extension, Patparganj
_bDelhi
_e110092
300 _a232p.
_c22cm(hbk)
942 _2ddc
_cEN
_mJOH
_h363.7005